| 000 | 00754nam a22002297a 4500 | ||
|---|---|---|---|
| 999 |
_c9073 _d9073 |
||
| 003 | AR-CdUCM | ||
| 008 | 190327b ||||| |||| 00| 0 spa d | ||
| 040 |
_aMUNICIPALIDAD PROVINCIAL DEL CUSCO _cBIBLIOTECA MUNICIPAL DEL CUSCO |
||
| 082 |
_a370 / _bES74 |
||
| 100 |
_aEscobar, Alberto _91581 |
||
| 245 | _aPerú ¿País bilingue? / | ||
| 260 |
_aLima : _bIEP, _c1975. |
||
| 300 |
_a150 páginas _c19 cm. |
||
| 505 | _aContenido: Ideología y realidad -- Cultura, sociedad y lengua -- Tareas y perspectivas -- El reto del Perú bilingue. | ||
| 650 |
_aPerú _935 |
||
| 650 |
_aCiencias sociales _91096 |
||
| 650 |
_aEducación _9460 |
||
| 700 |
_aMatos Mar, José _94659 |
||
| 700 |
_aAlberti, Giorgio _923997 |
||
| 942 |
_2ddc _cLIBROS |
||
| 945 | _adavv | ||